[Event "ICS Rated blitz match"]
[Site "207.99.5.190"]
[Date "1999.03.15"]
[Round "?"]
[White "Adonai"]
[Black "Hossa"]
[Result "1-0"]
[WhiteElo "2390"]
[BlackElo "2561"]
[Annotator "Crafty v16.5"]
[PlyCount "99"]

{annotating for player Hossa using a scoring margin of +0.10 pawns. search
time limit is 10.00} 1. d4 1... Nf6 2. c4 g6 3. Nc3 Bg7 4. e4 d6 5. Be2 O-O 6.
Nf3 Bg4 7. Be3 Nc6 8. d5 Bxf3 9. Bxf3 Ne5 10. Be2 e6 11. O-O exd5 12. cxd5 Qe7
13. Re1 Ned7 ({8:-0.54} 13... Ned7 14. Qc2 c6 15. dxc6 bxc6 16. Rad1 Ne5 17. b4
17... c5 $14) ({8:-0.41} 13... Rfe8 14. Rc1 c6 15. f4 Ned7 16. Bd3 cxd5 17.
exd5 17... Rac8 $14) 14. Rc1 Nc5 15. Bf3 Rae8 16. Qc2 a5 17. Nb5 Qd7 18. Bxc5
Qxb5 19. Bd4 Qb4 ({8:-1.44} 19... Qb4 20. Bc3 Qb6 21. Qa4 c6 22. dxc6 bxc6 23.
Qxa5 23... Qb7 $16) ({8:-0.85} 19... Re7 20. a4 Qb4 21. Bc3 Qb6 22. Qd2 Ra8 23.
Qf4 $16) 20. Bc3 Qb5 21. Qd2 Re7 ({8:-1.60} 21... Re7 22. Bxa5 Ne8 23. Bc3 Bxc3
24. Rxc3 Nf6 25. Rb3 Qa4 26. Rxb7 26... Qxa2 $18) ({8:-1.42} 21... Ra8 22. Bxf6
Bxf6 23. Rxc7 Rfc8 24. Rxc8+ Rxc8 25. Bg4 Rd8 26. Re2 26... Bg7 $16) 22. Bxa5
Rc8 ({8:-1.72} 22... Rc8 23. Bc3 Ne8 24. Bxg7 Nxg7 25. Qd4 Ne8 26. Bg4 c5 27.
dxc6 27... Rxc6 $18) ({8:-1.57} 22... Ne8 23. Bc3 Bxc3 24. Rxc3 Qa4 25. Ra3 Qc4
26. Ra7 Nf6 27. Rxb7 27... Qxa2 $18) 23. Bc3 Qa4 24. b3 Qa3 25. e5 Ne8 26. Bb4
Qa6 27. Be2 Qb6 28. exd6 Nxd6 29. Bc5 Ne4 30. Bxb6 Nxd2 31. d6 Re6 32. Rxc7
Rxc7 33. dxc7 Re8 34. Rd1 Bc3 35. Rc1 Ne4 36. Bd3 Nf6 37. Rxc3 Rc8 38. Bc4 Nd7
39. Ba5 Ne5 40. Bd5 Nc6 41. Bxc6 bxc6 42. Rxc6 f5 43. b4 h5 44. b5 Kf8 45. b6
g5 46. b7 Re8 47. c8=Q f4 48. Rc7 h4 49. Qxe8+ Kxe8 50. b8=Q# 1-0

[Event "ICS Rated blitz match"]
[Site "164.58.253.13"]
[Date "1999.03.15"]
[Round "?"]
[White "Hossa"]
[Black "calvert"]
[Result "0-1"]
[WhiteElo "1971"]
[BlackElo "2347"]
[Annotator "Crafty v16.5"]
[PlyCount "163"]

{annotating for player Hossa using a scoring margin of +0.10 pawns. search
time limit is 10.00} 1. e4 1... c5 2. Bc4 e6 3. Nc3 Nf6 4. Qe2 ({8:-0.01} 4.
Qe2 4... Nc6 5. Nf3 Be7 6. O-O O-O 7. Qe3 7... Qc7 $10) ({8:+0.19} 4. Nf3 4...
Be7 5. O-O Nc6 6. d4 Na5 7. Qd3 7... O-O $10) 4... d6 5. Nf3 Nc6 6. O-O Qc7 7.
d3 ({8:+0.23} 7. d3 7... Be7 8. Nb5 Qd7 9. e5 dxe5 10. Nxe5 Nxe5 11. Qxe5 11...
O-O $10) ({8:+0.52} 7. Nb5 7... Qb8 8. d3 a6 9. Nc3 b5 10. Bb3 10... e5 $14)
7... Be7 8. Nb5 Qd7 9. e5 dxe5 10. Nxe5 Nxe5 11. Qxe5 O-O 12. Bf4 ({8:+0.10} 
12. Bf4 12... Nd5 13. Qe4 Nxf4 14. Qxf4 Bf6 15. Rab1 Rd8 16. Rfe1 $10) ({
8:+0.21} 12. Be3 12... Nd5 13. Rab1 Bf6 14. Qe4 Nxe3 15. fxe3 Rd8 16. Nc3 $10)
12... Nd5 13. Bxd5 ({8:-0.39} 13. Bxd5 13... Bf6 14. Qh5 Qxb5 15. Be4 g6 16. c4
Qxb2 17. Qxc5 Qxa1 18. Rxa1 18... Bxa1 $15) ({8:-0.13} 13. Rab1 13... Nxf4 14.
Qxf4 a6 15. Nc3 b5 16. Bb3 Qd4 17. Ne4 $10) 13... Bf6 14. Qe1 Qxb5 15. Bb3 Bxb2
16. Rb1 Bf6 17. Bd6 ({9:-0.27} 17. Bd6 17... Rd8 18. Bc7 Rd4 19. Bxe6 Qc6 20.
Bxc8 Rxc8 21. Be5 21... Re8 $10) ({9:-0.10} 17. Bxe6 17... Qa4 18. Bc4 Be6 19.
Bxe6 Qxf4 20. Bd7 Qc7 21. Bf5 $10) 17... Rd8 18. Bc7 Rd4 19. Bxe6 Qc6 20. Bxc8
Rxc8 21. Be5 Re8 22. f4 Bxe5 23. fxe5 f6 24. Qc3 Rg4 25. g3 Rxe5 26. Qb3+ c4
27. Qxb7 Qc5+ 28. Rf2 Rd4 29. Qb8+ Kf7 30. Rb7+ Re7 31. Rxe7+ Qxe7 32. Qb2 Qd7
33. dxc4 Rxc4 34. h4 Qd5 35. Qb3 Qe4 36. Rf4 Qe1+ 37. Kg2 Qe2+ 38. Rf2 Qe4+ 39.
Kh2 a5 40. Qd3 Qxd3 41. cxd3 Rc3 42. Rd2 Ke6 43. Kg2 Kd5 44. Kf3 Kd4 45. Ke2
Rc7 46. g4 Rc5 47. a4 h5 48. gxh5 Rxh5 49. Rc2 Rc5 50. Rb2 Re5+ 51. Kf3 Kxd3
52. Rb3+ Kd4 53. Rb7 g6 54. Rd7+ Kc3 55. Rd6 Rf5+ 56. Kg2 Kb3 57. Rd4 Rh5 58.
Rf4 f5 59. Kg3 Rh8 60. Rd4 Rh7 61. Rd6 Rh6 62. h5 Rxh5 63. Rxg6 Kxa4 64. Kf4
Kb5 65. Ke5 a4 66. Rg2 a3 67. Rf2 Kb4 68. Rf4+ Kb3 69. Rf3+ Ka4 70. Rf4+ Kb5
71. Rf2 Rh1 72. Kd6 f4 73. Ke5 Kc4 74. Rxf4+ Kb3 75. Rf3+ Kb2 76. Rf2+ Kb1 77.
Rf7 a2 78. Rb7+ Kc2 79. Rc7+ Kd3 80. Rd7+ Ke3 81. Re7 a1=Q+ 82. Kf5+ 0-1

[Event "ICS Rated Blitz match"]
[Site "131.246.89.4"]
[Date "1999.03.15"]
[Round "?"]
[White "Hossa"]
[Black "Ynotu"]
[Result "1-0"]
[WhiteElo "1869"]
[BlackElo "1677"]
[PlyCount "65"]

1. e4 c6 2. Nc3 d5 3. d4 dxe4 4. Nxe4 Bf5 5. Ng3 Bg6 6. Nf3 Nd7 7. Bd3 Bxd3 8.
Qxd3 Qc7 9. O-O Ngf6 10. Qb3 e6 11. Re1 Bd6 12. Nf5 O-O 13. Nxd6 Qxd6 14. Qxb7
Rfb8 15. Qa6 Nd5 16. Qf1 N7f6 17. c4 Nb4 18. Qe2 c5 19. dxc5 Qxc5 20. b3 Rd8
21. Be3 Qf5 22. Rad1 Nc2 23. Rxd8+ Rxd8 24. Rd1 Rxd1+ 25. Qxd1 g6 26. Bxa7 Nb4
27. a3 Nd3 28. Ne1 Nxe1 29. Qxe1 Qc2 30. Bd4 Ng4 31. h3 Nh6 32. Qe5 Nf5 33.
Qh8# {Ynotu checkmated} 1-0

[Event "ICS Rated blitz match"]
[Site "164.58.253.13"]
[Date "1999.03.15"]
[Round "?"]
[White "Hossa"]
[Black "POWERHOUSE"]
[Result "1-0"]
[WhiteElo "1996"]
[BlackElo "2120"]
[PlyCount "211"]

1. e4 e6 2. d4 d5 3. Nc3 Bb4 4. exd5 Bxc3+ 5. bxc3 exd5 6. Nf3 Nf6 7. Ba3 Ne4
8. Nd2 Be6 9. Nxe4 dxe4 10. Qb1 b6 11. Qb5+ Nd7 12. Qc6 a6 13. Qxe4 Nf6 14.
Qc6+ Bd7 15. Qb7 Qc8 16. Qxc8+ Bxc8 17. Bd3 Be6 18. O-O Ra7 19. Rae1 g6 20. c4
c6 21. d5 cxd5 22. Bb2 O-O 23. Bxf6 dxc4 24. Be4 c3 25. Rb1 b5 26. a3 Rc7 27.
Rfe1 Rfc8 28. Rbd1 a5 29. Rd3 b4 30. axb4 axb4 31. h4 Re8 32. Rde3 Bc4 33. Rb1
Re6 34. Rxb4 Rxf6 35. Rxc3 Rd7 36. Rbxc4 Rd1+ 37. Kh2 Rxf2 38. Rf3 Re2 39. Bd3
Re7 40. Rf6 Kg7 41. Rcf4 Rc7 42. Kg3 Rd2 43. Kf3 h5 44. Kg3 Re7 45. Kf3 Rc7 46.
g3 Rd1 47. Ke3 Re1+ 48. Kd4 Rd1 49. Rf1 Rd7+ 50. Kc3 Rc7+ 51. Bc4 Rxf1 52. Rxf1
f5 53. Kd4 Re7 54. Rf3 Re4+ 55. Kc5 Re5+ 56. Bd5 Re2 57. c4 Kf6 58. Kd6 Re1 59.
Rb3 g5 60. hxg5+ Kxg5 61. Rb8 Rg1 62. Rg8+ Kf6 63. Rf8+ Kg6 64. Kc6 Re1 65. Rh8
Rd1 66. Re8 Kf6 67. Rf8+ Ke5 68. Re8+ Kf6 69. Rg8 Re1 70. Ra8 Rg1 71. Rf8+ Ke5
72. Rg8 Ra1 73. Re8+ Kd4 74. Rh8 Ra6+ 75. Kb5 Rg6 76. Rxh5 Ke5 77. Rh3 Kd4 78.
Bf7 Rg7 79. Be6 Ke5 80. Bd5 Kd4 81. Bf3 Rg8 82. Be2 Rb8+ 83. Kc6 Rc8+ 84. Kb7
Re8 85. Rh2 Kc5 86. Rf2 Re7+ 87. Ka6 Kb4 88. Bf1 Rg7 89. Rf3 Rf7 90. Kb6 Rf6+
91. Kc7 Rg6 92. Bd3 Rg8 93. Kd7 Rg6 94. Ke7 Rg7+ 95. Kf6 Rg8 96. Bxf5 Rd8 97.
Be6 Rd1 98. g4 Rd2 99. g5 Kc5 100. g6 Rd8 101. g7 Rd2 102. g8=Q Rf2 103. Qg5+
Kb6 104. Qb5+ Kc7 105. Rxf2 Kd6 106. Qb6# {POWERHOUSE checkmated} 1-0

[Event "ICS Rated blitz match"]
[Site "164.58.253.13"]
[Date "1999.03.15"]
[Round "?"]
[White "SapphireII"]
[Black "Hossa"]
[Result "0-1"]
[WhiteElo "2029"]
[BlackElo "2014"]
[PlyCount "93"]

1. e4 c5 2. Nf3 Nf6 3. Nc3 Nc6 4. d4 d5 5. exd5 Nxd5 6. Nxd5 Qxd5 7. Be3 Bg4 8.
dxc5 Bxf3 9. Qxf3 Qxf3 10. gxf3 O-O-O 11. Bd3 Nb4 12. Rd1 g6 13. O-O Bg7 14. b3
Nxd3 15. Rxd3 Rxd3 16. cxd3 Rd8 17. Rd1 Bd4 18. Kf1 Kc7 19. Ke2 Kc6 20. Rc1 Bf6
21. Rc4 Rd5 22. b4 Rh5 23. Bf4 a5 24. a3 Rd5 25. Re4 a4 26. Bh6 Kd7 27. Bc1 Rh5
28. Bf4 Bb2 29. Bb8 Bxa3 30. Rd4+ Kc6 31. Re4 e6 32. Bd6 Kb5 33. Kd2 Rh3 34.
Ke2 h6 35. Rg4 Rh5 36. Kd2 g5 37. Ke2 Bb2 38. Kd2 a3 39. Kc2 Rh3 40. f4 Rxh2
41. fxg5 Rxf2+ 42. Kb3 hxg5 43. Rg1 Rd2 44. Rg4 Rxd3+ 45. Kc2 f5 46. Rxg5 Rc3+
47. Kd2 {SapphireII resigns} 0-1

[Event "ICS Rated blitz match"]
[Site "164.58.253.13"]
[Date "1999.03.15"]
[Round "?"]
[White "POWERHOUSE"]
[Black "Hossa"]
[Result "1-0"]
[WhiteElo "2099"]
[BlackElo "2042"]
[Annotator "Crafty v16.5"]
[PlyCount "74"]

{annotating for player Hossa using a scoring margin of +0.10 pawns. search
time limit is 10.00} 1. e4 1... c5 2. Nf3 Nc6 3. d4 cxd4 4. Nxd4 Qa5+ 5. Nc3
Nf6 6. Nb3 Qe5 7. f4 Qe6 8. Nd4 Qd6 9. Ndb5 Qxd1+ 10. Nxd1 Rb8 11. Bd3 e6 12.
Be3 d5 ({8:-0.93} 12... d5 13. e5 Ng4 14. Bxa7 Nxa7 15. Nxa7 Bd7 16. Nb5 16...
Bc5 $16) ({8:-0.81} 12... b6 13. Nc7+ Kd8 14. Nb5 Bb4+ 15. c3 Bc5 16. Bxc5 bxc5
17. e5 17... Nd5 $16) 13. e5 Ng4 14. Bg1 Bd7 ({7:-0.75} 14... Bd7 15. Nxa7 Nb4
16. Bb6 Nxd3+ 17. cxd3 Bb4+ 18. Nc3 Bxc3+ 19. bxc3 O-O 20. O-O $16) ({7:-0.54} 
14... b6 15. Ne3 Nh6 16. O-O-O Nb4 17. Kb1 Nxd3 18. Rxd3 $14) 15. h3 Nh6 16.
Nc7+ Kd8 17. Nb5 Nb4 ({8:-0.28} 17... Nb4 18. Nxa7 Nxd3+ 19. cxd3 Bb4+ 20. Ke2
Ke7 21. Bb6 Nf5 22. Kf2 $10) ({8:-0.03} 17... b6 18. Ndc3 Bb4 19. a3 Bxc3+ 20.
Nxc3 Ke7 21. O-O-O d4 22. Nb5 $10) 18. Nxa7 Nxd3+ 19. cxd3 Bb4+ 20. Nc3 Ke8 21.
Bb6 Nf5 22. O-O Bxc3 23. bxc3 Ng3 24. Rf2 Ra8 ({10:-1.58} 24... Ra8 25. Rb1 h5
26. Bc5 Bc6 27. Nxc6 bxc6 28. Kh2 h4 29. Rb7 29... Rg8 $18) ({10:-1.30} 24...
Ba4 25. Rb1 Kd7 26. Bc5 b5 27. Rfb2 Nh5 28. Nxb5 Nxf4 29. d4 Bxb5 30. Rxb5 $16)
25. Rb1 Bc6 ({9:-2.07} 25... Bc6 26. Nxc6 bxc6 27. Bc5 Nf5 28. Rb7 Rc8 29. g4
Ng3 30. Re7+ 30... Kf8 $18) ({9:-1.71} 25... Rg8 26. Bc5 g5 27. fxg5 Rxg5 28.
Bd4 Bc6 29. Nxc6 bxc6 30. Rb7 30... Rg7 $18) 26. Nxc6 bxc6 27. Bc5 Rc8 28. Rb7
g6 29. Rfb2 Rd8 30. Re7+ Kf8 31. Rbb7 Kg7 32. Rxf7+ Kh6 33. Be7 Kh5 34. Bxd8 h6
35. Bf6 Rg8 36. Rh7 g5 37. fxg5 Rg6 1-0

[Event "ICS Rated blitz match"]
[Site "164.58.253.13"]
[Date "1999.03.15"]
[Round "?"]
[White "RPatzer"]
[Black "Hossa"]
[Result "1-0"]
[WhiteElo "2280"]
[BlackElo "2048"]
[Annotator "Crafty v16.5"]
[PlyCount "79"]

{annotating for player Hossa using a scoring margin of +0.10 pawns. search
time limit is 10.00} 1. e4 1... e5 2. Nf3 Nc6 3. Nc3 Bb4 4. Nd5 Ba5 ({7:-0.48} 
4... Ba5 5. Bc4 Nf6 6. Qe2 O-O 7. O-O Nd4 8. Nxd4 Nxd5 9. Bxd5 9... exd4 $14) (
{7:-0.32} 4... Nf6 5. Bb5 Ba5 6. Qe2 O-O 7. O-O Nxd5 8. exd5 $14) 5. Bc4 Nf6 6.
O-O Nxe4 7. Re1 f5 8. c3 d6 9. d3 Nf6 10. Nxf6+ gxf6 11. Bh6 d5 ({8:-0.92} 
11... d5 12. Bb5 Qd6 13. Nd4 Ke7 14. Nxc6+ bxc6 15. Ba4 Be6 16. Qe2 $16) ({
8:-0.67} 11... Qd7 12. Bd5 Bb6 13. Nh4 Na5 14. Qh5+ Kd8 15. Rad1 15... c6 $14)
12. Bb5 Qd7 ({8:-1.13} 12... Qd7 13. Nd4 a6 14. Bxc6 bxc6 15. Qh5+ Qf7 16.
Qxf7+ Kxf7 17. Nxc6 Bb6 18. Rad1 $16) ({8:-0.85} 12... Qd6 $16) 13. b4 Bb6 14.
a4 a5 ({8:-0.63} 14... a5 15. Nd4 Ke7 16. Bxc6 bxc6 17. Nb3 Bb7 18. Bg7 18...
Rhg8 $14) ({8:-0.27} 14... a6 15. Bxc6 Qxc6 16. Qd2 Rg8 17. b5 Qd6 18. bxa6
Rxa6 19. d4 $10) 15. Bxc6 Qxc6 16. b5 Qe6 17. Nd4 Qd7 ({9:-0.31} 17... Qd7 18.
Qh5+ Qf7 19. Nxf5 Qxh5 20. Ng7+ Ke7 21. Nxh5 Bg4 22. Nf4 22... Kd6 $14) ({
9:+0.10} 17... Qf7 18. Qf3 Qg6 19. Bd2 e4 20. Bf4 O-O 21. dxe4 Bxd4 22. cxd4
22... fxe4 $10) 18. Nb3 Qf7 19. d4 e4 20. Nc5 Qg6 21. Bf4 Rg8 22. g3 Bxc5 ({
8:+0.09} 22... Bxc5 23. dxc5 Qf7 24. Qd4 Be6 25. c6 bxc6 26. bxc6 Qe7 27. Rab1
$10) ({8:+0.45} 22... Qf7 23. Bh6 Bxc5 24. dxc5 Bd7 25. b6 cxb6 26. cxb6 O-O-O
27. Qd4 $15) 23. dxc5 c6 24. c4 dxc4 25. bxc6 bxc6 26. Qd6 Bd7 27. Rab1 h5 28.
Red1 Rd8 29. Rb8 Qg7 30. Rxd8+ Kxd8 31. Bh6 Qh7 32. Bf8 Ke8 33. Qb8+ Bc8 34.
Qxc8+ Kf7 35. Rd7+ Kg6 36. Qe8+ Kg5 37. Rxh7 Rg6 38. Bh6+ Rxh6 39. Rg7+ Rg6 40.
Qxg6# 1-0

[Event "ICS rated bullet match"]
[Site "207.99.83.227"]
[Date "1999.03.16"]
[Round "?"]
[White "JSBach"]
[Black "Hossa"]
[Result "0-1"]
[WhiteElo "2164"]
[BlackElo "2325"]
[PlyCount "84"]

1. d4 Nf6 2. Nc3 d5 3. Qd3 e6 4. Bg5 Be7 5. O-O-O O-O 6. Nf3 Ng4 7. Be3 Nc6 8.
Qd2 b6 9. Rg1 Bb7 10. Nb5 Na5 11. Bf4 Nxf2 12. Re1 Nc4 13. Qc3 c5 14. e3 cxd4
15. exd4 Ne4 16. Qb3 Rc8 17. Nxa7 Ra8 18. Nb5 Na5 19. Qd3 Nc6 20. a3 Qd7 21.
Bc7 Bb4 22. Re3 Ba5 23. Be2 Na7 24. Ne5 Qxb5 25. b4 Bxb4 26. axb4 Qxb4 27. Nd7
Qa4 28. Qb3 Qxd7 29. Qxb6 Nc8 30. Qxb7 Ra1+ 31. Kb2 Rxg1 32. Bb5 Qe7 33. Bc6
Rxg2 34. Bf4 Qf6 35. Be5 Qf2 36. Qb3 Nd2 37. Bxd5 Nxb3 38. Bxg2 Qxe3 39. c3 Na5
40. Bc7 Qd2+ 41. Kb1 Nc4 42. Be4 42... Qb2# {JSBach checkmated} 0-1

[Event "ICS rated bullet match"]
[Site "207.99.83.227"]
[Date "1999.03.16"]
[Round "?"]
[White "Hossa"]
[Black "JSBach"]
[Result "1-0"]
[WhiteElo "2334"]
[BlackElo "2155"]
[PlyCount "103"]

1. e4 e6 2. d4 Qh4 3. Nd2 Bb4 4. c3 Bd6 5. Ngf3 Qf4 6. Bd3 Be7 7. Nc4 Qg4 8.
O-O d5 9. Nce5 Qh5 10. exd5 exd5 11. Re1 f6 12. c4 fxe5 13. Rxe5 Qf7 14. Ng5
Qf6 15. Nxh7 Qf7 16. Qc2 Nc6 17. Bg6 Nxe5 18. dxe5 Be6 19. Bxf7+ Kxf7 20. cxd5
Bxd5 21. Qf5+ Ke8 22. Qg6+ Kd7 23. Qxg7 Rxh7 24. Qxh7 Ke6 25. Bf4 Rd8 26. Qg6+
Kd7 27. Rd1 c6 28. e6+ Kc8 29. Rxd5 Rxd5 30. Qxg8+ Rd8 31. Qg4 b5 32. h3 Rd4
33. Qg7 Rxf4 34. Qxe7 Rc4 35. Qxa7 Ra4 36. Qd7+ Kb8 37. f3 Ra7 38. Qxa7+ Kxa7
39. f4 Kb6 40. e7 Kc5 41. f5 Kd6 42. e8=Q b4 43. Qf8+ Kd5 44. Qxb4 c5 45. Qc3
Kd6 46. Qc4 Ke7 47. Qxc5+ Kf7 48. Qc7+ Kf6 49. g4 Kg5 50. Kh2 Kf6 51. Kg3 Kg5
52. Qg7# {JSBach checkmated} 1-0

[Event "ICS rated blitz match"]
[Site "207.99.83.227"]
[Date "1999.03.16"]
[Round "?"]
[White "Hossa"]
[Black "JudgeTurpin"]
[Result "0-1"]
[WhiteElo "2556"]
[BlackElo "2427"]
[Annotator "Crafty v16.5"]
[PlyCount "126"]

{annotating for player Hossa using a scoring margin of +0.10 pawns. search
time limit is 10.00} 1. e4 1... e5 2. Nf3 Nc6 3. Bc4 Bc5 4. c3 Qe7 5. O-O d6 6.
d4 Bb6 7. d5 ({7:+0.36} 7. d5 7... Nb8 8. Be3 Nf6 9. Bxb6 axb6 10. Bb5+ Bd7 11.
Qe2 Bxb5 12. Qxb5+ $14) ({7:+0.49} 7. dxe5 7... dxe5 8. b3 Bg4 9. Bb5 Rd8 10.
Bxc6+ bxc6 11. Nbd2 11... Nf6 $14) 7... Nd8 8. Be3 ({8:-0.18} 8. Be3 8... Nf6
9. Qd3 O-O 10. Nbd2 Bg4 11. Bxb6 axb6 12. Rae1 $10) ({8:+0.28} 8. a4 8... a5 9.
Bg5 Nf6 10. Bb5+ Bd7 11. Bxd7+ Qxd7 12. Bxf6 gxf6 13. Nbd2 13... O-O $10) 8...
Bxe3 9. fxe3 Nf6 10. Nbd2 Bd7 11. Qe1 ({9:-0.24} 11. Qe1 11... c5 12. dxc6 bxc6
13. b4 O-O 14. Rd1 c5 15. bxc5 dxc5 16. Qf2 $10) ({9:-0.11} 11. b4 11... O-O
12. Qe2 a6 13. a4 a5 14. b5 b6 15. Rae1 $10) 11... O-O 12. Qh4 ({8:-0.46} 12.
Qh4 12... c5 13. dxc6 bxc6 14. b4 c5 15. bxc5 dxc5 16. Qg5 16... Nc6 $15) ({
8:-0.15} 12. Nh4 12... Rb8 13. Nf5 Bxf5 14. exf5 e4 15. Qe2 Qe5 16. Rf4 $10)
12... c6 13. Rf2 ({8:-0.58} 13. Rf2 13... c5 14. b4 b6 15. bxc5 bxc5 16. Rb1
Bg4 17. Qg5 $15) ({8:-0.45} 13. dxc6 13... bxc6 14. b4 c5 15. bxc5 dxc5 16. Qg5
Nc6 17. Bd5 17... Rae8 $15) 13... b5 14. Bd3 ({8:-0.46} 14. Bd3 14... c5 15. b4
Nb7 16. Rd1 c4 17. Bc2 17... Nd8 $15) ({8:-0.24} 14. dxc6 14... Bxc6 15. Bb3
Ne6 16. a4 a6 17. Ng5 Rfe8 18. axb5 18... axb5 $10) 14... h6 15. c4 ({8:-0.55} 
15. c4 15... bxc4 16. Bxc4 c5 17. Raf1 Rb8 18. Nb3 Bg4 19. Rc2 $15) ({8:-0.13} 
15. dxc6 15... Bxc6 16. c4 a6 17. Rc1 Qe6 18. Rff1 Ng4 19. Qe1 $10) 15... b4
16. Raf1 ({9:-0.88} 16. Raf1 16... c5 17. Re2 a5 18. a3 bxa3 19. bxa3 Rb8 20.
Qf2 20... Rb2 $17) ({9:-0.30} 16. a3 16... bxa3 17. b4 cxd5 18. cxd5 g5 19.
Qxh6 Ng4 20. Qxg5+ Qxg5 21. Nxg5 Nxf2 22. Kxf2 $10) 16... a5 17. Nb3 ({9:-0.99
} 17. Nb3 17... a4 18. Nc1 c5 19. Rd2 Rc8 20. Qf2 Ng4 21. Qe2 $17) ({9:-0.40} 
17. dxc6 17... Nxc6 18. Ne1 Ng4 19. Qxe7 Nxe7 20. Re2 a4 21. Nef3 a3 22. b3 $15
) 17... a4 18. Nbd2 a3 19. b3 ({8:-1.24} 19. b3 19... c5 20. Re2 Rc8 21. Ree1
Bg4 22. Qf2 22... Re8 $17) ({8:-0.65} 19. dxc6 19... Bxc6 20. Rb1 Ne6 21. Rff1
Nc5 22. Bc2 Rac8 23. b3 $15) 19... Nb7 20. Rc1 ({9:-1.15} 20. Rc1 20... c5 21.
Nf1 Qe8 22. Ng3 Ng4 23. Re2 Na5 24. Qh5 $17) ({9:-0.27} 20. dxc6 20... Bxc6 21.
Ne1 Nc5 22. Rxf6 gxf6 23. Rxf6 Rae8 24. Qxh6 Nxd3 25. Nxd3 $10) 20... Nc5 21.
Bc2 Kh8 22. Rcf1 Rfe8 23. Re1 Rab8 24. Ree2 Red8 25. Rf1 Bg4 26. Ref2 Re8 27.
dxc6 Qc7 28. Ne1 h5 29. h3 Be6 30. Rxf6 gxf6 31. Qxh5+ Kg7 32. Qh4 Rg8 33. Kh1
Qxc6 34. Nd3 Nd7 35. Rf3 Kf8 36. Qh7 Rg6 37. Kg1 Ke7 38. Rf2 Nc5 39. Nxc5 dxc5
40. Nf3 Rbg8 41. Nh4 Rg5 42. Kh1 Ke8 43. Qh6 Qd7 44. Nf3 R5g6 45. Qh4 Kf8 46.
Rd2 Qc7 47. Qh7 Qc8 48. Nh4 R6g7 49. Qh5 Bxh3 50. Qf3 Rh7 51. Qxf6 Bxg2+ 52.
Rxg2 Rxg2 53. Qd6+ Kg8 54. Kxg2 Qg4+ 55. Kf1 Rxh4 56. Qb8+ Kh7 57. Qxe5 Qf3+
58. Ke1 Qxe3+ 59. Kf1 Rh1+ 60. Kg2 Rg1+ 61. Kh2 Qf2+ 62. Kh3 Qf3+ 63. Kh4 Qg4#
0-1

[Event "ICS rated blitz match"]
[Site "207.99.83.227"]
[Date "1999.03.16"]
[Round "?"]
[White "JudgeTurpin"]
[Black "Hossa"]
[Result "0-1"]
[WhiteElo "2449"]
[BlackElo "2534"]
[PlyCount "152"]

1. e4 e5 2. Bc4 Nc6 3. Nf3 Nf6 4. d3 Bc5 5. O-O O-O 6. Bb3 d6 7. h3 Bd7 8. Nc3
Nd4 9. Bg5 Nxb3 10. axb3 Bc6 11. d4 exd4 12. Nxd4 Re8 13. Nxc6 bxc6 14. Qd3 Re5
15. Be3 Bxe3 16. Qxe3 Nd5 17. Qd3 Nxc3 18. Qxc3 c5 19. f3 Qh4 20. Qa5 Re7 21.
Qb5 Rf8 22. Rxa7 c6 23. Qa6 Rxa7 24. Qxa7 Qf6 25. c3 Qe6 26. Rd1 Qxb3 27. Rxd6
Qxb2 28. Qxc5 Qc1+ 29. Kf2 Rc8 30. Rxc6 Rxc6 31. Qxc6 Qd2+ 32. Kg3 Qg5+ 33. Kh2
Qf4+ 34. g3 Qd2+ 35. Kh1 Qd1+ 36. Kg2 Qe2+ 37. Kg1 Qe3+ 38. Kf1 Qxf3+ 39. Ke1
Qxg3+ 40. Kd1 Qf3+ 41. Kd2 g6 42. Qc8+ Kg7 43. Qg4 Qxg4 44. hxg4 Kf6 45. c4 Ke6
46. Ke3 h6 47. Kd3 Kd6 48. Kd4 h5 49. e5+ Ke6 50. g5 h4 51. Ke4 h3 52. Kf3 Kxe5
53. Kg3 Kd4 54. Kxh3 Kxc4 55. Kg4 Kd5 56. Kf4 Kd4 57. Kg4 Ke4 58. Kg3 Kf5 59.
Kf3 Kxg5 60. Kg3 f5 61. Kg2 Kf4 62. Kh3 g5 63. Kg2 g4 64. Kf2 g3+ 65. Ke2 Ke4
66. Ke1 Ke3 67. Kf1 Kf3 68. Ke1 g2 69. Kd2 Ke4 70. Kc3 g1=Q 71. Kc4 Qc1+ 72.
Kb4 Kd4 73. Ka5 Kc5 74. Ka6 Kc6 75. Ka7 Qb2 76. Ka6 76... Qa2# {
JudgeTurpin checkmated} 0-1

[Event "ICS Rated blitz match"]
[Site "207.99.83.227"]
[Date "1999.03.16"]
[Round "?"]
[White "Hossa"]
[Black "TDChess"]
[Result "0-1"]
[WhiteElo "2546"]
[BlackElo "2565"]
[Annotator "Crafty v16.5"]
[PlyCount "59"]

{annotating for player Hossa using a scoring margin of +0.10 pawns. search
time limit is 10.00} 1. e4 1... d5 2. exd5 Qxd5 3. Nc3 Qe6+ 4. Be2 Qg6 5. Bf3
Nc6 6. d3 Nd4 7. Be3 e5 8. Nd5 ({7:+0.00} 8. Nd5 8... Qd6 9. Nc3 9... Qg6 $10)
({7:+0.30} 8. Bxd4 8... exd4 9. Qe2+ Ne7 10. Nd5 Qd6 11. O-O-O c6 12. Nxe7
12... Bxe7 $10) 8... Qd6 9. Nc3 Nf6 10. Qd2 ({7:-0.32} 10. Qd2 10... Be6 11.
Bxb7 Rb8 12. Ne4 Nxe4 13. Bxe4 13... Rxb2 $15) ({7:-0.21} 10. Bg5 10... Be7 11.
Qd2 O-O 12. O-O-O 12... Nxf3 $10) 10... Be7 11. O-O-O O-O 12. Ne4 ({7:-0.35} 
12. Ne4 12... Nxe4 13. Bxe4 f5 14. Bxd4 fxe4 15. Be3 15... Bf5 $15) ({7:-0.20} 
12. Bg5 12... c6 13. Re1 Bf5 14. Qe3 Nd7 15. Ne4 $10) 12... Qa6 13. Nxf6+ ({
8:-0.42} 13. Nxf6+ 13... Bxf6 14. Kb1 Be6 15. a3 Qb5 16. Bxd4 exd4 17. Ne2 Rae8
18. Rhe1 $15) ({8:-0.25} 13. Nc3 13... Bb4 14. Kb1 Qa5 15. a3 Bxc3 16. Qxc3
Qxc3 17. bxc3 17... Nb5 $10) 13... Bxf6 14. Bd5 ({8:-1.55} 14. Bd5 14... Rd8
15. Bc4 b5 16. Bxd4 bxc4 17. Bc5 17... Qxa2 $19) ({8:-0.32} 14. Kb1 14... Be6
15. a3 Qb5 16. Bxd4 exd4 17. Ne2 Rae8 18. Rhe1 $15) 14... Rd8 15. Bc4 ({8:-1.84
} 15. Bc4 15... b5 16. Bxd4 bxc4 17. Bc3 Qxa2 18. Qe3 cxd3 19. Bxe5 $19) ({
8:-1.60} 15. Bxd4 15... Rxd5 16. Bc3 Bg4 17. Ne2 Qxa2 18. Qe3 Rad8 19. Rhe1 $19
) 15... b5 16. Bxd4 bxc4 17. Bc3 Qxa2 18. Qe3 Bf5 19. Qg3 cxd3 20. cxd3 Qa6 21.
Kc2 ({7:-3.91} 21. Kc2 21... e4 22. Bxf6 exd3+ 23. Kd2 Qxf6 24. Qxc7 Qxb2+ 25.
Ke3 $19) ({7:-3.64} 21. b4 21... Bxd3 22. Kb2 Bc4 23. Ra1 Qd6 24. Nf3 $19)
21... e4 22. Bxf6 Qxf6 23. Rc1 exd3+ 24. Kd1 Qxb2 25. Rxc7 d2 26. Qxg7+ Qxg7
27. Nf3 Qa1+ 28. Ke2 d1=Q+ 29. Rxd1 Re8+ 30. Re7 0-1

[Event "ICS rated bullet match"]
[Site "207.99.83.227"]
[Date "1999.03.16"]
[Round "?"]
[White "Hossa"]
[Black "Secret"]
[Result "0-1"]
[WhiteElo "2349"]
[BlackElo "2781"]
[Annotator "Crafty v16.5"]
[PlyCount "57"]

{annotating for player Hossa using a scoring margin of +0.10 pawns. search
time limit is 10.00} 1. e4 1... c5 2. Bc4 Nc6 3. f4 e6 4. Nc3 Nge7 5. Nf3 ({
8:-0.10} 5. Nf3 5... Ng6 6. d4 Nh4 7. Nxh4 Qxh4+ 8. g3 Qf6 9. d5 $10) ({8:+0.13
} 5. Nge2 5... Na5 6. d3 Ng6 7. O-O Bd6 8. Nb5 Nxc4 9. dxc4 $10) 5... d5 6.
exd5 Nxd5 7. Bxd5 exd5 8. d4 ({9:-0.34} 8. d4 8... cxd4 9. Nxd4 Qh4+ 10. g3
Qe7+ 11. Kf2 Be6 12. Be3 Nxd4 13. Qxd4 Qb4 14. Qxb4 14... Bxb4 $15) ({9:-0.09} 
8. O-O 8... Be7 9. d4 O-O 10. Be3 c4 11. Ne5 Bf5 12. Nxc6 12... bxc6 $10) 8...
Bg4 9. dxc5 ({7:-0.83} 9. dxc5 9... Bxc5 10. Qe2+ Kf8 11. Nb5 Qe8 12. Nc7 Qxe2+
13. Kxe2 Nd4+ 14. Kd1 Bxf3+ 15. gxf3 15... Rd8 $17) ({7:-0.13} 9. Qe2+ 9... Be7
10. dxc5 O-O 11. Qf2 d4 12. Ne4 12... Re8 $10) 9... Bxc5 10. Qd3 ({7:-1.13} 10.
Qd3 10... Qe7+ 11. Kf1 d4 12. Nd5 Qd6 13. Qe4+ Be6 14. c4 $17) ({7:-0.83} 10.
Qe2+ 10... Kf8 11. Qb5 Qe7+ 12. Qe2 Qxe2+ 13. Nxe2 Bxf3 14. gxf3 Nb4 15. Kd2
15... Ke7 $17) 10... O-O 11. Ng5 f5 12. Qxd5+ Qxd5 13. Nxd5 Rfe8+ 14. Kd2 Rad8
15. c4 b5 16. Kc3 Bd4+ 17. Kc2 bxc4 18. Nc3 Nb4+ 19. Kb1 Bxc3 20. bxc3 ({
9:-5.04} 20. bxc3 20... Nd3 21. Kc2 Re2+ 22. Bd2 Nxf4 23. Rhd1 Rxg2 24. h3
Bxd1+ 25. Rxd1 $19) ({9:-4.70} 20. a3 20... Nd5 21. Nxh7 Kxh7 22. bxc3 Nxc3+
23. Kc2 Rd3 24. Bd2 24... Re2 $19) 20... Nd3 21. Nf3 ({8:-8.28} 21. Nf3 21...
Bxf3 22. Kc2 Re2+ 23. Bd2 Nf2 24. Rad1 Be4+ 25. Kc1 25... Nxh1 $19) ({8:-5.31} 
21. Kc2 21... Re2+ 22. Bd2 Nxf4 23. Rad1 Rxg2 24. Kc1 Nd3+ 25. Kc2 Bxd1+ 26.
Kxd1 $19) 21... Re2 22. Nd4 Rb8+ 23. Nb3 cxb3 24. a3 b2 25. Be3 bxa1=Q+ 26.
Kxa1 Rbb2 27. Bd2 Rexd2 28. Rf1 Ra2+ 29. Kb1 0-1